[Event "36th Zalakaros Festival 2017"]
[Site "Zalakaros"]
[Date "2017.05.24"]
[Round "7"]
[White "Pujari, Rucha"]
[Black "Borsos, Bogdan"]
[Result "1/2-1/2"]
[WhiteElo "2203"]
[BlackElo "2321"]
[Annotator "TA"]
[PlyCount "33"]
[EventDate "2017.??.??"]
[EventType "swiss"]
[EventCountry "HUN"]
[SourceTitle "playchess.com"]
[Source "ChessBase"]
[SourceQuality "1"]

{[%evp 27,33,8,19,0,24,8,11,-6]} 1. d4 d5 2. c4 dxc4 3. Nf3 Nf6 4. e3 e6 5. Bxc4 a6 6. O-O c5 7. dxc5 Bxc5 8. Qxd8+ Kxd8 9. a3 b5 10. Be2 Bb7 11. b4 Bd6 12. Bb2 Nbd7 13. Nbd2 {[%cal Bb1d2,Bd2b3,Bb3a5][%mdl 32]} Rc8 {D27: Queen's Gambit Accepted: Classical main line: 7 e4!? and 7 a4} (13... Ke7 14. Nb3 Bd5 15. Na5 Rhc8 16. Rac1 h6 17. Nd4 Ne5 18. f3 Bc4 19. f4 Nd3 20. Bxd3 Bxd3 21. Ndc6+ Kd7 22. Rfd1 Be4 23. Ne5+ Ke7 24. Nac6+ Bxc6 25. Nxc6+ Kd7 26. Ne5+ Ke7 27. Nc6+ Kd7 28. Ne5+ {½-½ (28) Tregubov,P (2646)-Gomez Garrido,C (2454) Merida 2008}) 14. Rac1 Ke7 {LiveBook: 4 Games} 15. Nd4 Ne5 $146 ({Predecessor:} 15... g6 16. Bf3 Bxf3 17. N2xf3 Nb8 18. Nb3 Rhd8 19. Ne5 Rc7 20. Rxc7+ Bxc7 {0-1 (58) Kaniansky,M (2199)-Hagara,E (2388) Slovakia 2012}) 16. N2b3 Bd5 17. Na5 1/2-1/2

[Event "36th Zalakaros Festival 2017"]
[Site "Zalakaros"]
[Date "2017.05.24"]
[Round "7"]
[White "Csiki, Endre"]
[Black "Cebalo, Miso"]
[Result "0-1"]
[WhiteElo "2200"]
[BlackElo "2320"]
[Annotator "TA"]
[PlyCount "128"]
[EventDate "2017.??.??"]
[EventType "swiss"]
[EventCountry "HUN"]
[SourceTitle "playchess.com"]
[Source "ChessBase"]
[SourceQuality "1"]

{[%evp 24,128,75,-9,32,20,86,37,32,33,72,72,78,72,97,78,83,85,84,16,64,57,68,75,50,21,23,-16,-18,-25,-20,-49,35,0,39,0,0,0,0,-32,-29,-52,0,0,0,0,0,0,-7,0,-12,-75,-22,-138,-134,-135,-143,-127,-111,-199,-199,-213,-195,-218,-178,-208,-137,-148,-126,-140,-121,-106,-89,-81,-39,-104,-58,-121,-49,-110,-106,-112,-88,-152,-149,-385,-383,-451,-435,-435,-197,-220,-224,-712,-684,-697,-693,-716,-702,-652,-631,-1376,-1300,-12830,-12834,-2525,-2639]} 1. d4 Nf6 2. c4 g6 3. f3 c5 4. d5 d6 5. Nc3 Bg7 6. e4 O-O 7. Bg5 h6 8. Be3 a6 9. Qd2 Kh7 10. Nge2 e6 11. a4 exd5 12. cxd5 Nbd7 13. Nc1 {LiveBook: 5 Games. A65: Modern Benoni: 6 e4} (13. Ng3 $16) (13. Ng3 Rb8 14. Be2 Ne8 15. O-O Nc7 16. f4 b5 17. e5 dxe5 18. f5 c4 19. d6 Ne8 20. axb5 axb5 21. Bf3 b4 {½-½ (55) Socko,B (2635)-Leniart,A (2458) Warsaw 2012}) 13... Rb8 14. Be2 Qa5 (14... Ne8 $11) 15. Ra3 {White is better.} Re8 $146 ({Predecessor:} 15... Qc7 16. O-O b6 17. Kh1 c4 18. Rd1 Ng8 19. f4 Re8 20. Bf3 {½-½ (29) Steinmacher,J (2085)-Raupp,F (2000) Hockenheim 1994}) 16. O-O Qc7 17. a5 b6 18. axb6 Rxb6 19. Kh1 Qb8 20. Ra2 Ne5 21. h3 (21. Qc2 $16) 21... Rb4 22. Bg1 Nc4 23. Bxc4 $1 Rxc4 24. Re1 Nd7 25. N1e2 Rb4 26. Qc2 Ne5 27. Nc1 c4 (27... f5 $15) 28. Re2 f5 29. Ra4 f4 30. Rxb4 Qxb4 31. N3a2 Qa5 32. b3 cxb3 ({Black should play} 32... Bxh3 $15 33. gxh3 Nxf3 34. Qxc4 Nxg1 35. Kxg1 f3) 33. Nxb3 $11 Qa3 34. Nd4 Bd7 35. Qc1 (35. Qb2 $5 {[%cal Rb2a3]} Qd3 36. Qb4 $11) 35... Qxc1 36. Nxc1 a5 37. Rc2 (37. Rb2 $11 {remains equal.}) 37... g5 $36 {[%mdl 2048] Black has some pressure.} (37... Rc8 $17) 38. Rc7 (38. Rb2 $11) 38... Rc8 $17 39. Rxc8 Bxc8 40. Nb5 Nc4 41. Na2 (41. Bd4 $17 {keeps fighting.}) 41... Bd7 $19 42. Nbc3 Kg6 43. Ba7 Kf7 44. Kg1 Ke7 45. Kf2 Kd8 46. Ke2 Kc7 47. Bg1 Kb7 48. Kd3 Ne5+ (48... Na3 {feels hotter.} 49. Nc1 Kc7 50. Kd2 Bc8 51. N1e2 Ba6) 49. Ke2 (49. Kc2 $1 $15) 49... Bf6 50. Ke1 (50. Bd4 $15) 50... Bd8 (50... Ng6 $17 51. Bf2 h5) 51. Ne2 (51. Bd4 $15) 51... Bb6 $17 52. Bd4 Ka6 53. Kd2 ({Better is} 53. Bxe5 dxe5 54. Nac3) 53... Bb5 {Hoping for ...Bxd4.} 54. Ba1 $2 {[#]} (54. Bxb6 $17 {was necessary.} Kxb6 55. Nac1) 54... Be3+ $19 55. Kd1 Ba4+ 56. Ke1 Bb3 (56... Nd3+ $142 57. Kf1 Bb3) 57. Nac1 Bc4 58. Nd4 $2 {[#]} (58. Bb2) 58... Bxc1 {Black is clearly winning.} 59. Nf5 Nf7 60. Bg7 h5 61. Kd1 Ba3 62. Nh6 Nxh6 63. Bxh6 Bb2 64. Bxg5 Be5 {Precision: White = 27%, Black = 48%.} 0-1

[Event "36th Zalakaros Festival 2017"]
[Site "Zalakaros"]
[Date "2017.05.24"]
[Round "7"]
[White "Karacsonyi, Gellert"]
[Black "Czupor, Attila"]
[Result "0-1"]
[WhiteElo "2189"]
[BlackElo "2230"]
[Annotator "TA"]
[PlyCount "44"]
[EventDate "2017.??.??"]
[EventType "swiss"]
[EventCountry "HUN"]
[SourceTitle "playchess.com"]
[Source "ChessBase"]
[SourceQuality "1"]

{[%evp 23,44,23,6,12,46,-81,-75,-213,-212,-779,-768,-764,-754,-29983,-29984,-1783,-959,-959,-936,-911,-900,-768,-170]} 1. e4 e5 2. Nf3 Nc6 3. Bb5 a6 4. Bxc6 dxc6 5. O-O Bg4 6. h3 Bh5 7. g4 Bg6 8. Nxe5 Qh4 9. Qf3 {C68: Ruy Lopez: Exchange Variation, sidelines} f6 10. Nxg6 hxg6 11. Kg2 g5 12. Rh1 Ne7 {[%cal Bg8e7,Be7g6,Bg6f4][%mdl 32] LiveBook: 3 Games} 13. Qb3 $146 ({Predecessor:} 13. d3 O-O-O 14. Nd2 Kb8 15. Nc4 Qh7 16. Kf1 Qg8 {½-½ (63) Guseinov,G (2623)-Kriebel,T (2484) Konya 2016}) 13... O-O-O 14. d3 (14. Qf7 $1 $14 {stays ahead.}) 14... Ng6 $17 {[%mdl 1024] And now ...Bc5 would win. Black has strong compensation.} 15. Be3 {[#]} (15. Nc3 $17 {keeps fighting.}) 15... Bc5 $1 $19 {[%mdl 512] aiming for ...Nf4+.} 16. Qe6+ $2 ({Not} 16. Bxc5 $2 Nf4+ 17. Kg1 Nxh3+ 18. Kf1 Qxg4 $19) (16. Nd2 Nf4+ 17. Kf1 Qxg4 18. Bxf4 Rxh3 19. Rxh3 Qxh3+ 20. Ke2 gxf4 21. Rf1) 16... Kb8 {Hoping for ...Nf4+.} 17. Qf5 {[#]} Nf4+ $1 {[%mdl 512]} 18. Kf1 (18. Bxf4 Qxf2#) 18... Bxe3 19. fxe3 g6 {Black is clearly winning.} 20. Qa5 Nxh3 {[%csl Gh3][%cal Rh4f2]} 21. Qd2 Qxg4 {( -> ...Qf3+)} 22. Qe2 Qxe2+ {Precision: White = 21%, Black = 72%.} 0-1

[Event "36th Zalakaros Festival 2017"]
[Site "Zalakaros"]
[Date "2017.05.24"]
[Round "7"]
[White "Ugroczky, Peter"]
[Black "Rapport, Jovana"]
[Result "1/2-1/2"]
[WhiteElo "2185"]
[BlackElo "2334"]
[Annotator "TA"]
[PlyCount "167"]
[EventDate "2017.??.??"]
[EventType "swiss"]
[EventCountry "HUN"]
[SourceTitle "playchess.com"]
[Source "ChessBase"]
[SourceQuality "1"]

{[%evp 17,167,52,77,0,0,0,33,-46,-40,-51,-42,-45,-41,-47,-18,-31,-31,-23,-11,-16,-4,-11,-18,-27,49,54,40,7,43,-33,0,0,-7,0,0,0,0,-17,0,-11,0,0,0,0,0,0,0,0,0,-41,-4,-34,0,-24,0,-16,0,-141,-143,-143,-61,-334,-326,-317,-324,-314,-208,-252,-320,-322,-322,-318,-310,-280,-260,-356,-343,-494,-491,-487,-471,-528,0,0,0,0,0,0,0,-7,-16,0,0,0,0,0,0,0,0,0,0,0,0,0,0,0,0,0,0,0,0,0,0,0,0,0,0,0,0,0,0,0,0,0,0,0,0,0,0,0,0,0,0,0,0,0,0,0,0,0,0,0,0,0,0,0,0,0,0,0,0,0]} 1. e4 d5 2. exd5 Qxd5 3. Nf3 Bg4 4. Be2 Nc6 5. d4 e5 (5... O-O-O 6. c4 Qh5 7. Be3 e5 8. d5 e4 9. Nd4 Ne5 10. Bxg4+ Nxg4 11. h3 N8f6 12. Nc3 Nxe3 13. fxe3 Qh4+ 14. Kd2 Bc5 {1-0 (68) Tomashevsky,E (2728)-Fressinet,L (2700) Huaian 2016}) 6. c4 {B01: Scandinavian Defence} Qa5+ 7. Bd2 Bb4 8. d5 Bxf3 9. Bxf3 Nd4 {LiveBook: 3 Games} 10. O-O $146 (10. Nc3 $16) ({Predecessor:} 10. Nc3 Qa6 11. O-O Nxf3+ 12. Qxf3 Qxc4 13. Rac1 {1-0 (36) Hillarp Persson,T (2556)-Sjodahl,P (2433) Halmstad 2014}) 10... Nxf3+ $11 11. gxf3 O-O-O (11... Ne7 {keeps more tension.} 12. Re1 f6 13. f4 O-O 14. Nc3 Rae8) 12. a3 (12. Re1 $14) 12... Bxd2 $15 13. Nxd2 Ne7 {[%cal Bg8e7,Be7f5,Bf5d4][%mdl 32]} 14. b4 Qa6 15. Kh1 Nf5 16. Qe2 Rhe8 17. Qd3 Qg6 {[#] aiming for ...Ng3+!} 18. Ne4 Nd4 19. Rg1 Qh6 20. Qe3 Qa6 (20... f5 $11 21. Ng5 f4) 21. b5 $14 (21. Rxg7 $2 Nc2 $19) 21... Qa5 22. Rac1 Kb8 (22... f5 $5 {[%cal Rf5e4]} 23. Ng5 f4 $11) 23. Ng3 (23. Qd3 $14) 23... g5 (23... a6 $5 {[%cal Ra6b5]} 24. f4 axb5 25. fxe5 c5 $11) 24. Ne2 Nxe2 25. Qxe2 Qxa3 26. Ra1 Qc3 27. Qa2 (27. Rac1 $5 {[%cal Rc1c3]} Qa3 28. Ra1 $11) 27... Kc8 28. Qxa7 Qxc4 29. Qa8+ Kd7 30. Qxb7 Rb8 $1 {[%cal Rb8b7]} 31. Qa6 Rb6 $36 {[%mdl 2048] Black fights for an advantage.} ({And not} 31... Qxb5 32. Qf6 $18) 32. Qa7 Qf4 33. Qa3 Rh6 {[%csl Gf4][%cal Rh6h2]} 34. Rg2 Rb8 35. Qc5 Qxf3 36. Rc1 Rc8 37. d6 (37. Kg1 $11 {remains equal.}) 37... Rxd6 $17 38. Qxe5 f6 (38... Re8 $17 39. Qg3 Rd1+ 40. Rxd1+ Qxd1+ 41. Rg1 Re1 42. Rxe1 Qxe1+ 43. Kg2 Qe4+ 44. Kh3 {[#]} Qh4+ $1 {[%mdl 512]} 45. Qxh4 gxh4 46. Kxh4 Kd6) 39. Qc5 $2 {[%mdl 8192]} (39. Qg3 $15 Rd1+ 40. Rxd1+ Qxd1+ 41. Rg1 Qd5+ 42. Qg2 Qxg2+ 43. Kxg2) 39... Rd1+ $19 40. Rxd1+ Qxd1+ {[%mdl 4096] Endgame KQR-KQR} 41. Rg1 Qf3+ 42. Rg2 Re8 {[%cal Re8e1]} 43. Qd4+ Kc8 {[%cal Re8e1]} 44. Qg4+ Qxg4 45. Rxg4 {KR-KR} Kb7 46. Rd4 Re5 47. f4 (47. Rd7 $142 h5 48. Rf7) 47... Rxb5 48. Rd7 gxf4 49. Rxh7 f3 $2 (49... Kb6 $19 {Threatens to win with ...Rf5.} 50. Kg2 Rf5) 50. Kg1 $11 {The position is equal.} Rf5 {Hoping for ...Kb6.} 51. h4 Kc6 52. h5 Kd6 53. h6 Rh5 54. Rh8 $1 Ke5 {And now ...c5 would win.} 55. Rc8 $1 Rxh6 {Strongly threatening ...Rh7.} 56. Rxc7 Kf4 57. Kf2 Rh2+ 58. Kf1 Ra2 59. Rc8 f5 60. Rc7 f2 61. Rc4+ Kg3 (61... Ke3 $5 {[%cal Ra2a1]} 62. Rc3+ Kf4 $15) 62. Rc3+ Kg4 63. Rb3 f4 64. Rc3 Kf5 65. Rf3 Kg4 66. Rxf2 (66. Rc3 {looks sharper.}) 66... Ra1+ (66... Ra5 {feels hotter.} 67. Kg2 Rb5 68. Ra2 Rb7 69. Ra3 Rb4) 67. Kg2 Re1 68. Ra2 Re3 69. Kf2 Rb3 70. Rc2 Ra3 71. Rb2 Ra4 72. Rb3 Ra2+ 73. Kf1 Rd2 74. Ra3 Rb2 75. Rc3 Ra2 76. Rb3 Ra8 77. Rc3 Rh8 78. Ra3 Rh5 79. Rb3 Ra5 80. Rc3 Ra4 81. Rb3 f3 82. Rb8 Kg3 {( -> ...Ra1+)} 83. Rg8+ Kf4 84. Rf8+ {Precision: White = 62%, Black = 50%.} 1/2-1/2

[Event "36th Zalakaros Festival 2017"]
[Site "Zalakaros"]
[Date "2017.05.24"]
[Round "7"]
[White "Hradeczky, Tamas"]
[Black "Szente Varga, Fruzsina"]
[Result "1-0"]
[WhiteElo "2146"]
[BlackElo "2190"]
[Annotator "TA"]
[PlyCount "38"]
[EventDate "2017.??.??"]
[EventType "swiss"]
[EventCountry "HUN"]
[SourceTitle "playchess.com"]
[Source "ChessBase"]
[SourceQuality "1"]

{[%evp 1,1,15]} 1. d4 {Predecessor:} Nf6 $146 2. c4 e6 3. Nf3 d5 4. Nc3 c5 5. cxd5 Nxd5 6. e4 Nxc3 7. bxc3 cxd4 8. cxd4 Bb4+ 9. Bd2 Bxd2+ 10. Qxd2 O-O 11. Bc4 Nd7 12. O-O b6 13. a4 Bb7 14. Bd3 Nf6 15. Rfe1 h6 16. a5 bxa5 17. Rxa5 Qc7 18. Qb4 Rfb8 19. Qa3 Rc8 {½-½ (59) Svidler,P (2755)-Kramnik,V (2811) Sochi 2017} 1-0

[Event "36th Zalakaros Festival 2017"]
[Site "Zalakaros"]
[Date "2017.05.25"]
[Round "8"]
[White "Nisipeanu, Liviu-Dieter"]
[Black "Erdos, Viktor"]
[Result "1/2-1/2"]
[WhiteElo "2686"]
[BlackElo "2614"]
[Annotator "TA"]
[PlyCount "95"]
[EventDate "2017.??.??"]
[EventType "swiss"]
[EventCountry "HUN"]
[SourceTitle "playchess.com"]
[Source "ChessBase"]
[SourceQuality "1"]

{[%evp 12,95,6,6,6,18,11,11,10,13,23,14,18,9,15,10,35,0,3,0,22,0,0,3,11,12,13,9,8,14,37,0,0,0,0,0,0,0,22,16,18,20,24,13,16,0,0,0,0,0,0,0,0,0,0,0,0,0,0,0,0,0,0,0,0,0,0,0,0,0,5,0,0,0,5,0,0,0,0,0,0,0,0,0,0,-7]} 1. e4 e5 2. Nf3 Nc6 3. Bb5 a6 4. Ba4 Nf6 5. d3 b5 6. Bb3 Bc5 7. Nc3 d6 {C77: Ruy Lopez: 3...a6 4 Ba4 Nf6, unusual lines} 8. Nd5 h6 9. c3 Be6 (9... O-O 10. Nxf6+ Qxf6 11. Bd5 Bd7 12. Rg1 Ne7 13. Bxa8 Rxa8 14. g4 Qe6 15. Nh4 {½-½ (39) Svidler,P (2755)-Mamedyarov,S (2772) Moscow 2017}) 10. Nxf6+ Qxf6 11. O-O Bxb3 $146 ({Predecessor:} 11... O-O 12. Be3 Bxe3 13. fxe3 Qe7 14. Qe1 Rae8 15. Nh4 {1-0 (31) Asrian,K (2634)-Svetushkin,D (2588) Moscow 2007}) 12. axb3 O-O 13. b4 Bb6 14. g3 Qe6 15. Nh4 Ne7 16. Qf3 (16. Qe2 {is more complex.} a5 17. bxa5 Bxa5 18. Be3 b4 19. Rfc1) 16... f5 17. exf5 Nxf5 18. Nxf5 Qxf5 19. Qxf5 Rxf5 20. Be3 d5 21. d4 exd4 22. cxd4 Rf6 23. Rfc1 Re6 24. Kf1 Re4 25. Rd1 Re6 26. Ke2 c6 27. Kd3 Bd8 {The position is equal.} 28. Re1 Kf7 29. Bd2 Rxe1 30. Rxe1 $11 {[%mdl 4096] Endgame KRB-KRB} h5 31. f4 g6 32. f5 gxf5 33. Re5 Bf6 34. Rxf5 Kg6 35. Rf1 Re8 36. Ra1 h4 37. Rxa6 hxg3 38. hxg3 Re6 39. Ra8 Bg7 40. Rc8 Bf6 41. g4 Bg7 42. Bf4 Bf6 43. b3 Kf7 44. Rc7+ Kg6 45. Rc8 Kf7 46. g5 (46. Be5 $5) 46... Be7 $1 47. Rh8 Rg6 48. Rh7+ {Precision: White = 65%, Black = 93%.} 1/2-1/2

[Event "36th Zalakaros Festival 2017"]
[Site "Zalakaros"]
[Date "2017.05.25"]
[Round "8"]
[White "Kovalenko, Igor"]
[Black "Papp, Gabor"]
[Result "1/2-1/2"]
[WhiteElo "2657"]
[BlackElo "2592"]
[Annotator "TA"]
[PlyCount "119"]
[EventDate "2017.??.??"]
[EventType "swiss"]
[EventCountry "HUN"]
[SourceTitle "playchess.com"]
[Source "ChessBase"]
[SourceQuality "1"]

{[%evp 11,119,0,0,0,0,0,0,-6,0,-10,47,31,37,13,79,25,38,10,17,0,0,-8,43,20,29,27,26,33,33,37,29,37,29,12,19,15,17,11,35,28,44,11,20,0,10,13,10,0,0,0,0,0,14,-9,-9,-10,-10,-30,-18,-30,-20,-31,0,-30,0,-34,0,-30,-29,-44,-27,-61,-61,-61,-63,-76,-76,-76,-76,-76,-76,-76,-76,-76,-61,-61,-61,-61,-61,-61,-61,-61,-61,-61,-61,-61,0,0,0,0,0,0,0,0,0,0,0,0,0,0]} 1. d4 Nf6 2. Nf3 d5 3. c4 e6 4. Nc3 Bb4 5. e3 O-O 6. Bd2 b6 7. Rc1 {E51: Nimzo-Indian: Rubinstein: 4...0-0 5 Nf3 d5} Be7 8. cxd5 exd5 9. Bd3 c5 10. O-O Bg4 (10... Nbd7 $11) 11. h3 $14 Bh5 12. Be2 $146 {[%cal Bd3e2,Be2b5,Bb5c6][%mdl 32]} ({Predecessor:} 12. g4 Bg6 13. Bxg6 hxg6 14. Ne5 Bd6 15. Qf3 Nbd7 {1-0 (65) Vidit,S (2651)-Wojtaszek,R (2734) Berlin 2015}) 12... Nbd7 (12... Nc6 $11) 13. Re1 (13. g4 $16 Bg6 14. Nh4) 13... Re8 14. Bb5 Bd6 15. Bc6 {Threatens to win with Nb5.} (15. g4 $5 {[%cal Rg4h5]} Bg6 16. Nh4 $14) 15... Rc8 16. Bb7 (16. Bb5 {is more complex.} Ra8) 16... Rb8 (16... Rc7 $11 17. Ba6 cxd4 18. exd4 Rxe1+ 19. Qxe1 Bxf3 20. gxf3 Nf8) 17. Bxd5 cxd4 18. exd4 Rxe1+ 19. Bxe1 Nxd5 20. Nxd5 Nf6 21. Nxf6+ Qxf6 22. Bc3 (22. Bd2 {seems wilder.} Bxf3 23. Qxf3 Qxd4 24. Bc3 Qc4 25. Rd1) 22... Bxf3 23. Qxf3 Qxf3 24. gxf3 $11 {[%mdl 4096] Endgame KRB-KRB} f6 {[%cal Bf7f6,Bf6f5][%mdl 32]} 25. Kf1 Kf7 26. Re1 Rd8 27. Re4 f5 28. Re1 Bf4 29. a4 Rd6 30. Ke2 Rh6 31. Rh1 g5 32. Kf1 Ke6 33. Kg2 Kd5 34. Ra1 a6 35. Rd1 Re6 36. Kf1 Rh6 {[%mdl 1024] Black has compensation.} 37. Kg2 Re6 38. Kf1 Rh6 39. Kg2 Rc6 40. Kf1 Re6 41. Re1 Rxe1+ $1 42. Kxe1 $15 {KB-KB} Kc4 $1 43. Ke2 b5 44. axb5 axb5 45. d5 Kxd5 46. b3 Be5 47. Ba5 Kd4 48. Bb4 h5 49. Kd2 Bf4+ 50. Ke2 Bc7 51. Kd2 Be5 52. Bc3+ Kd5 53. Bb4 Bd6 (53... Ke6 $15) 54. Bxd6 $11 {The position is equal.} Kxd6 {KP-KP} 55. f4 $1 {[%cal Rf4g5]} gxf4 {[#] Hoping for ...Kc5.} 56. f3 $1 Kc5 57. Kc3 $1 b4+ (57... h4 $5) 58. Kd3 Kd5 59. h4 Kc5 60. Ke2 {Precision: White = 60%, Black = 52%.} 1/2-1/2

[Event "36th Zalakaros Festival 2017"]
[Site "Zalakaros"]
[Date "2017.05.25"]
[Round "8"]
[White "Banusz, Tamas"]
[Black "Nabaty, Tamir"]
[Result "1/2-1/2"]
[WhiteElo "2616"]
[BlackElo "2640"]
[Annotator "TA"]
[PlyCount "27"]
[EventDate "2017.??.??"]
[EventType "swiss"]
[EventCountry "HUN"]
[SourceTitle "playchess.com"]
[Source "ChessBase"]
[SourceQuality "1"]

{[%evp 14,27,2,0,0,0,0,0,0,-4,-1,-40,-35,-41,0,0]} 1. Nf3 d5 2. g3 Nd7 3. d4 Ngf6 4. Bg2 b5 {[%cal Bb7b5,Bb5b4][%mdl 32]} 5. O-O Bb7 (5... e6 6. b3 Ba6 7. Ne5 Nxe5 8. dxe5 Nd7 9. e4 c6 10. Re1 Be7 11. exd5 cxd5 12. Qg4 {½-½ (43) Fressinet,L (2717)-Morozevich,A (2731) Dubai 2014}) 6. c3 {D02: 1 d4 d5 2 Nf3 sidelines, including 2...Nf6 3 g3 and 2...Nf6 3 Bf4} e6 7. a4 b4 8. a5 {LiveBook: 3 Games} Rb8 9. Bf4 Ba6 10. Qc2 $146 ({Predecessor:} 10. Nbd2 Nh5 11. Bg5 f6 12. Be3 Bd6 13. c4 {1-0 (32) Young,A (2311)-Vibbert,S (2318) Saint Louis 2013}) 10... Be7 11. cxb4 Rxb4 12. Nc3 O-O 13. Na2 Rb7 (13... Rc4 $5 {[%cal Rc4c2]} 14. Qb1 Qa8 $15) 14. Rfc1 1/2-1/2

[Event "36th Zalakaros Festival 2017"]
[Site "Zalakaros"]
[Date "2017.05.25"]
[Round "8"]
[White "Zubov, Alexander"]
[Black "Sanal, Vahap"]
[Result "1-0"]
[WhiteElo "2604"]
[BlackElo "2533"]
[Annotator "TA"]
[PlyCount "65"]
[EventDate "2017.??.??"]
[EventType "swiss"]
[EventCountry "HUN"]
[SourceTitle "playchess.com"]
[Source "ChessBase"]
[SourceQuality "1"]

{[%evp 17,65,15,15,6,34,0,39,30,22,6,20,18,23,0,14,16,27,28,76,63,95,95,148,142,154,137,134,127,194,227,206,180,209,154,210,204,268,238,231,224,282,285,350,290,664,652,729,695,729,693]} 1. d4 Nf6 2. c4 e6 3. Nf3 b6 4. e3 Bb7 5. Bd3 d5 6. b3 Bb4+ 7. Nbd2 O-O 8. O-O Nbd7 9. Bb2 Ne4 10. Rc1 {E14: Queen's Indian: Classical Variation (4 e3)} Rc8 11. Qe2 a5 $146 ({Predecessor:} 11... Qe7 12. Rfd1 Ba3 13. Bxa3 Qxa3 14. Nb1 Qe7 15. cxd5 exd5 16. Ba6 Bxa6 17. Qxa6 c6 18. Qxa7 {1-0 (30) Koneru,H (2581)-Cramling,P (2518) Beijing 2014}) 12. Rc2 {White is slightly better.} f5 13. Rfc1 Bd6 14. Nf1 {[%cal Bd2f1,Bf1g3,Bg3h5,Bh5f4][%mdl 32]} Ra8 15. Ng3 a4 16. Nh5 axb3 17. axb3 {[%cal Ba2b3,Bb3b4][%mdl 32]} g6 18. Nf4 Re8 19. Ne5 Bxe5 ({Black should play} 19... Nec5) 20. dxe5 $16 Ndc5 21. b4 Nxd3 22. Qxd3 {Black must now prevent cxd5.} Ra2 (22... Ba6 $16) 23. f3 $18 Ng5 24. Rd2 c6 25. cxd5 cxd5 (25... exd5 $16 26. Qb3 Qa8) 26. Rdc2 Re7 27. Bd4 Rxc2 28. Rxc2 ({Much less strong is} 28. Qxc2 $6 Qe8) 28... Nf7 29. Qb5 Qb8 30. Qxb6 Nxe5 $2 (30... Qd8 31. Qxd8+ Nxd8) 31. Nxe6 {White is clearly winning.} Nc4 {[#]} 32. Rxc4 $1 {[%mdl 512]} dxc4 33. Nd8 {Precision: White = 57%, Black = 18%.} 1-0

[Event "36th Zalakaros Festival 2017"]
[Site "Zalakaros"]
[Date "2017.05.25"]
[Round "8"]
[White "Prohaszka, Peter"]
[Black "Chernyshov, Konstantin"]
[Result "1/2-1/2"]
[WhiteElo "2596"]
[BlackElo "2485"]
[Annotator "TA"]
[PlyCount "187"]
[EventDate "2017.??.??"]
[EventType "swiss"]
[EventCountry "HUN"]
[SourceTitle "playchess.com"]
[Source "ChessBase"]
[SourceQuality "1"]

{[%evp 27,187,30,31,35,50,14,3,14,36,37,36,27,31,0,0,-4,-5,-41,-31,-43,0,-9,0,0,0,0,0,0,0,0,12,14,14,14,14,14,13,12,12,12,12,12,12,12,12,12,12,12,8,8,30,30,30,8,11,0,30,0,0,0,56,55,64,65,88,88,85,88,135,89,139,139,179,139,167,200,391,384,348,233,228,218,202,94,143,143,143,143,106,64,64,0,87,64,80,87,87,87,87,87,94,94,94,94,94,64,99,64,64,64,64,64,64,64,64,64,64,64,64,64,64,64,64,64,64,64,64,64,64,64,64,64,64,64,64,64,64,64,64,64,64,64,64,64,64,64,64,64,64,66,66,64,66,0,0,0,64,0,0,0,0,0]} 1. d4 e6 2. g3 c5 3. Nf3 Nf6 4. Bg2 Nc6 5. O-O Be7 6. c4 cxd4 7. Nxd4 a6 8. Nc3 Qc7 9. b3 O-O 10. Bb2 d6 11. Rc1 Nxd4 12. Qxd4 Bd7 13. Rfd1 Rfd8 14. Qf4 {A33: Symmetrical English: 2 Nf3 Nf6 3 d4 cxd4 4 Nxd4 e6 5 Nc3 Nc6} (14. h3 Rac8 15. Qa7 b5 16. Qxa6 bxc4 17. bxc4 Qxc4 18. Qa3 Qc5 19. Nd5 Qxa3 20. Nxe7+ Kf8 21. Bxa3 Rxc1 22. Ng6+ hxg6 23. Bxd6+ {½-½ (52) Le,Q (2693)-Amin,B (2643) Istanbul 2012}) 14... Rac8 {LiveBook: 14 Games} 15. Rd3 Be8 $146 ({Predecessor:} 15... Qb8 16. Ba3 Bc6 17. Rcd1 Bxg2 18. Kxg2 Rc6 19. e4 h6 20. c5 Ne8 21. cxd6 Bxd6 {1-0 (29) Pavlovic,M (2513)-Milosevic,G (2176) Zuerich 2012}) 16. g4 {White is slightly better.} Nd7 17. g5 d5 (17... Ne5 $5 {[%cal Re5d3]} 18. Rh3 Bd7 $11) 18. Qxc7 Rxc7 19. cxd5 Bxg5 20. d6 Rcc8 21. Rcd1 Nc5 22. Rg3 Bf4 23. Rg4 g5 24. Ne4 f5 25. Nf6+ Kf7 26. Rxf4 $1 gxf4 27. Bf3 e5 28. Nxe8 (28. Nxh7 Nd7 $17) 28... Rxe8 29. d7 Nxd7 $1 30. Rxd7+ Ke6 31. Rxb7 Rc2 32. Bh5 Rg8+ 33. Kf1 Rg5 34. Bf7+ Kf6 35. Ba3 Rg7 36. Bd5 {[#] Strongly threatening Rb6+.} Rxb7 37. Bxb7 a5 38. Bd6 Ke6 39. Bb8 {Threatens to win with a4.} Rxa2 40. Bc6 Rc2 41. Ba4 Rc1+ 42. Kg2 Rc2 43. Bb5 Rc3 (43... Kf6 $11) 44. f3 $1 $14 Kf6 45. Ba4 $1 Rc8 {[#]} 46. Ba7 $1 Rc2 47. Kf2 e4 48. Bb6 e3+ 49. Kf1 Rc1+ 50. Kg2 Rc2 51. Bb5 Ke5 $2 (51... Ra2 {was called for.} 52. Bc7 Ra3) 52. Bd3 $18 Ra2 53. Kh3 Kf6 54. Kh4 Kg6 55. Bc7 (55. Bd4 $18) 55... a4 56. bxa4 ({Inferior is} 56. Bxf4 axb3 57. Bxe3 Ra4+ 58. Kh3 b2 $17) 56... Rxa4 57. Be5 {Black must now prevent Bb5.} Rb4 58. Bd6 Rd4 $1 {[%cal Rd4d6]} 59. Bc7 (59. Ba3 $14) 59... Rb4 (59... Ra4 $1 $11) 60. Be5 h5 $1 61. Bd6 Rd4 62. Bc7 Rd7 63. Be5 ({Weaker is} 63. Bxf4 Rd4 $17) 63... Rd5 64. Bc3 ({And not} 64. Bxf4 Rd4 $17) 64... Rc5 65. Bb4 Rd5 66. Kh3 Rd4 67. Ba5 Kg5 68. Kg2 (68. Bc3 $5 {[%cal Rc3d4]} Rd7 69. Kg2 $16) 68... h4 69. Kh3 {And now Be1 would win.} (69. Bc3 $5 {[%cal Rc3d4]} Rd7 70. Kh3 $16) 69... Rd7 70. Bb6 Rd6 71. Bc5 Rd7 72. Bb5 Rb7 73. Ba6 $1 {[%cal Ra6b7]} Rc7 74. Bb6 Rd7 {aiming for ...Rd6.} 75. Bc4 Rd6 76. Bc5 Rd7 {Hoping for ...Rc7.} 77. Bd3 $1 Rb7 78. Kg2 Rd7 79. Bb5 Rb7 80. Ba6 $1 {[%cal Ra6b7]} Rd7 81. Bb4 Ra7 82. Bd3 Rb7 83. Be1 Ra7 84. Kh3 Rh7 85. Bb5 Rh8 86. Bb4 Rh7 {...Rb7 is the strong threat.} 87. Ba5 $1 Rh8 88. Bc7 Rg8 89. Bd7 Rh8 90. Bd6 (90. Ba5 $14) 90... Rh7 $11 91. Bc6 Ra7 (91... Rg7 $1 $11) 92. Bb5 (92. Kg2 $1 $14) 92... Rb7 93. Ba6 Rd7 94. Bc5 {Precision: White = 63%, Black = 67%.} 1/2-1/2